000 00454nam a2200169 i 4500
001 52681
003 ES-MaACL
005 20230906162627.0
007 t|
008 030902s1970 sp ||||1| cat d
100 1 _aDeane-Drummond, Anthony.
_943101
245 1 0 _aBillet de tornada /
_cAnthony Deane-Drummond.
250 _a[1ยช ed.].
260 _a[barcelona :
_bEstella,
_c1970]
300 _a185 p. ;
_c17 cm.
852 _aES-MaACL
_jC-42537
_bR.73984
999 _c52681
_d52681